| 000 | 01440nam a2200421 a 4500 | ||
|---|---|---|---|
| 001 | 000110323 | ||
| 003 | CHAP | ||
| 005 | 20220329144127.0 | ||
| 008 | 140818s1989 it b |r| ||||||spa d | ||
| 010 | _a106785 | ||
| 011 | _a107757 | ||
| 040 | _cCHAP | ||
| 082 | 0 | 4 |
_a338.372 _bF218 |
| 110 | 2 |
_aFAO. Banco mundial _939453 |
|
| 245 | 1 | 0 |
_aMéxico : _banálisis del sector Pesquero / _cpor FAO/Banco Mundial. |
| 246 | 0 | _aInforme del programa de cooperación FAO/BANCO mundial. Centro de inversiones | |
| 260 |
_aRoma : _bFAO, _c1989. |
||
| 300 |
_aix, [150 p.] en varias páginas : _bincluye anexo, gráfs., maps. |
||
| 500 | _a56/89 CP-MEX 21 | ||
| 590 |
_aE5995AHE _b05 _c20140818 _lUCH01 _h1030 |
||
| 590 |
_aE5995AHE _b05 _c20140818 _lUCH01 _h1032 |
||
| 590 |
_aE5995AHE _b05 _c20140818 _lUCH01 _h1033 |
||
| 590 |
_aE5995AHE _b05 _c20140818 _lUCH01 _h1037 |
||
| 590 |
_aE5995AHE _b05 _c20140819 _lUCH01 _h1202 |
||
| 590 |
_aE5995AHE _b05 _c20140819 _lUCH01 _h1207 |
||
| 590 |
_aE5995AHE _b05 _c20140819 _lUCH01 _h1216 |
||
| 590 |
_aE5995AHE _b05 _c20140819 _lUCH01 _h1221 |
||
| 650 | 1 | 4 |
_aGobierno. _948401 |
| 650 | 1 | 4 |
_aPesca _xAspectos económicos _xMéxico. _987363 |
| 650 | 1 | 4 |
_aPescado _xMercadeo _xMéxico. _987454 |
| 650 | 1 | 4 |
_aPolítica pesquera. _990684 |
| 650 | 1 | 4 |
_aProyectos de desarrollo. _992528 |
| 650 | 1 | 4 |
_aProyectos _xFinanciamiento. _992526 |
| 710 | 2 |
_aBanco Mundial _99854 |
|
| 901 | _aBK | ||
| 942 | _cLIBRO | ||
| 942 | _n0 | ||
| 999 |
_c106785 _d106785 |
||